[Event "4NCL/Div3/PPA1 vs. OXF1"]
[Site "Telford ENG"]
[Date "2005.01.15"]
[Round "3.6"]
[White "Buckley, Melanie"]
[Black "Dignam, Matthew"]
[Result "1/2-1/2"]
[WhiteElo "2152"]
[BlackElo "2149"]
[PlyCount "69"]
[EventDate "2005.01.15"]
[EventType "team"]
[EventRounds "11"]
[EventCountry "ENG"]
[SourceDate "2004.09.21"]

1. e4 c5 2. Nc3 d6 3. g3 g6 4. Bg2 Bg7 5. d3 Nc6 6. Be3 e5 7. Qd2 Be6 8. f4 Nf6
9. h3 Nh5 10. Nge2 Nd4 11. O-O Qd7 12. Kh2 f5 13. Nd5 Bxd5 14. exd5 Nxe2 15.
Qxe2 O-O 16. c3 Rfe8 17. Qf2 b5 18. Rae1 a5 19. Bf3 Nf6 20. fxe5 Rxe5 21. d4
cxd4 22. Bxd4 Rxe1 23. Rxe1 Re8 24. Kg2 Kf7 25. Bb6 a4 26. Bd4 Qc8 27. Bxf6
Bxf6 28. Rxe8 Qxe8 29. Qe2 Qxe2+ 30. Bxe2 a3 31. bxa3 Bxc3 32. Bxb5 Kf6 33. Kf3
Ke5 34. Bc6 g5 35. a4 1/2-1/2

[Event "4NCL/Div3/PPA1 vs. OXF1"]
[Site "Telford ENG"]
[Date "2005.01.15"]
[Round "3.7"]
[White "Rosen, Daniel B"]
[Black "Smallbone, Kieran"]
[Result "0-1"]
[WhiteElo "2167"]
[BlackElo "2170"]
[PlyCount "50"]
[EventDate "2005.01.15"]
[EventType "team"]
[EventRounds "11"]
[EventCountry "ENG"]
[SourceDate "2004.09.21"]

1. e4 c6 2. d4 d5 3. exd5 cxd5 4. c4 Nf6 5. c5 e6 6. Nf3 Be7 7. Nc3 O-O 8. Be3
b6 9. b4 Ne4 10. Rc1 f5 11. Bf4 g5 12. Bxb8 Rxb8 13. Ne5 Nxc3 14. Rxc3 bxc5 15.
Nc6 Qd6 16. Nxb8 cxd4 17. Qxd4 Bf6 18. Qxf6 Rxf6 19. Rxc8+ Rf8 20. Rxf8+ Kxf8
21. Na6 Qe5+ 22. Kd2 Qb2+ 23. Ke3 d4+ 24. Kd3 Qc3+ 25. Ke2 d3+ 0-1

[Event "4NCL/Div3/PPA1 vs. OXF1"]
[Site "Telford ENG"]
[Date "2005.01.15"]
[Round "3.8"]
[White "Rawlinson, Aidan"]
[Black "Djabri, Kathy"]
[Result "1/2-1/2"]
[WhiteElo "2179"]
[BlackElo "2013"]
[PlyCount "84"]
[EventDate "2005.01.15"]
[EventType "team"]
[EventRounds "11"]
[EventCountry "ENG"]
[SourceDate "2004.09.21"]

1. e4 c5 2. Nf3 Nc6 3. d4 cxd4 4. Nxd4 e5 5. Nb5 d6 6. c4 Be7 7. Bd3 Be6 8. O-O
a6 9. N5c3 Bg5 10. Nd2 Nd4 11. b3 Nh6 12. Ne2 Nxe2+ 13. Qxe2 Bg4 14. f3 Be6 15.
Kh1 O-O 16. a4 Qa5 {=} 17. Rd1 Rad8 18. Ba3 Qb6 19. Rab1 Rfe8 20. Nf1 f5 21.
Ng3 f4 22. Nf1 Qc7 23. Rbc1 Qf7 24. Nd2 Be7 25. Nb1 g5 26. h3 Kh8 27. Nc3 Qh5
28. Qf1 g4 29. fxg4 Bxg4 30. Be2 Rg8 31. Rd3 Bxe2 32. Nxe2 Qg6 33. Qf3 Nf7 34.
Rcd1 Ng5 35. Qf1 Nxe4 36. Bb2 Bf6 37. b4 Rdf8 38. Qf3 h5 39. Rd5 Ng5 40. Qf1
Ne4 41. Qf3 Ng5 42. Qf1 Ne4 1/2-1/2

[Event "4NCL/Div3/FCA1 vs. AD2"]
[Site "Telford ENG"]
[Date "2005.01.15"]
[Round "3.1"]
[White "Macdonald-Ross, Michael"]
[Black "Graham, David B"]
[Result "1/2-1/2"]
[WhiteElo "2195"]
[BlackElo "2238"]
[PlyCount "152"]
[EventDate "2005.01.15"]
[EventType "team"]
[EventRounds "11"]
[EventCountry "ENG"]
[SourceDate "2004.09.21"]

1. d4 g6 2. e4 d6 3. Nc3 Nf6 4. Nf3 Bg7 5. Be3 c6 6. Qd2 b5 7. Bd3 Nbd7 8. Bh6
Bxh6 9. Qxh6 b4 10. Ne2 Qa5 11. O-O Ba6 12. Bxa6 Qxa6 13. Ng3 Qc4 14. Rfc1 Qe6
15. Re1 Ng4 16. Qd2 Qc4 17. e5 dxe5 18. dxe5 h5 19. h3 h4 20. Re4 Qc5 21. Rxg4
hxg3 22. Rxg3 O-O-O 23. Qe2 Nb6 24. a3 Nd5 25. e6 f6 26. Rg4 Kb8 27. axb4 Nxb4
28. Qc4 Qxc4 29. Rxc4 Nd5 30. Rxc6 Rc8 31. Rxc8+ Rxc8 32. c3 Rc6 33. Rd1 Nc7
34. Nd4 Rb6 35. Rd2 Nxe6 36. Nxe6 Rxe6 37. Kf1 Rb6 38. Ke2 Kc7 39. Kd3 Rb5 40.
Kc2 Rg5 41. g3 Rf5 42. Kb3 Rf3 43. Kc4 Rf5 44. f4 Ra5 45. b4 Ra1 46. Kc5 Re1
47. Rd3 e5 48. fxe5 Rxe5+ 49. Kc4 Kc6 50. h4 a5 51. Rd8 axb4 52. cxb4 Re4+ 53.
Rd4 Re5 54. Rf4 f5 55. g4 fxg4 56. b5+ Kc7 57. Rxg4 Re6 58. Kd5 Rf6 59. Ke5 Rb6
60. Rb4 Kb7 61. Kf4 Kc7 62. Kg5 Kd7 63. Re4 Rxb5+ 64. Kxg6 Rb1 65. h5 Rg1+ 66.
Kf7 Rf1+ 67. Kg7 Rg1+ 68. Kh7 Kd6 69. h6 Kd7 70. Kh8 Rg2 71. Re1 Rg3 72. h7 Rg2
73. Ra1 Ke7 74. Ra8 Kf7 75. Rg8 Re2 76. Rg7+ Kf6 1/2-1/2

[Event "4NCL/Div3/FCA1 vs. AD2"]
[Site "Telford ENG"]
[Date "2005.01.15"]
[Round "3.2"]
[White "Broom, Mark"]
[Black "Constantinou, Peter"]
[Result "1/2-1/2"]
[WhiteElo "2193"]
[BlackElo "2122"]
[PlyCount "66"]
[EventDate "2005.01.15"]
[EventType "team"]
[EventRounds "11"]
[EventCountry "ENG"]
[SourceDate "2004.09.21"]

1. c4 Nf6 2. g3 c5 3. Bg2 Nc6 4. Nc3 g6 5. e4 Bg7 6. Nge2 O-O 7. d3 d6 8. O-O
Ne8 9. Be3 Nd4 10. Qd2 Nc7 11. Rab1 Rb8 12. b4 b6 13. a4 Bb7 14. f4 e6 15. Nb5
Nc6 16. bxc5 dxc5 17. e5 f6 18. Nd6 Ba8 19. d4 cxd4 20. Nxd4 Nxd4 21. Bxd4 fxe5
22. fxe5 Bxg2 23. Kxg2 Ne8 24. Rxf8+ Bxf8 25. c5 bxc5 26. Rxb8 Qxb8 27. Bxc5
Qa8+ 28. Kh3 Qc6 29. Qb4 h6 30. Qb8 Nxd6 31. Bxd6 Qf3 32. Qxf8+ Qxf8 33. Bxf8
Kxf8 1/2-1/2

[Event "4NCL/Div3/FCA1 vs. AD2"]
[Site "Telford ENG"]
[Date "2005.01.15"]
[Round "3.3"]
[White "Smith, Graham"]
[Black "Wallace, Paul"]
[Result "1-0"]
[WhiteElo "2118"]
[BlackElo "2172"]
[PlyCount "95"]
[EventDate "2005.01.15"]
[EventType "team"]
[EventRounds "11"]
[EventCountry "ENG"]
[SourceDate "2004.09.21"]

1. e4 e5 2. Nf3 Nc6 3. Bb5 f5 4. Nc3 fxe4 5. Nxe4 d5 6. Nxe5 dxe4 7. Nxc6 Qd5
8. c4 Qd6 9. Nxa7+ Bd7 10. Bxd7+ Qxd7 11. Qh5+ g6 12. Qe5+ Kf7 13. Nb5 c6 14.
Qd4 Qxd4 15. Nxd4 Bg7 16. Nc2 Ra4 17. Ne3 Ne7 18. a3 Nf5 19. O-O Ke6 20. Rb1
Nxe3 21. b3 Nxf1 22. bxa4 Bd4 23. Kxf1 Rf8 24. f3 exf3 25. gxf3 Rxf3+ 26. Ke2
Rf7 27. Bb2 Ke5 28. Kd3 Rf3+ 29. Kc2 Bxb2 30. Rxb2 Rxa3 31. Rxb7 h5 32. Rc7
Rxa4 33. Rxc6 Ra2+ 34. Kc3 g5 35. h4 gxh4 36. Rc5+ Kf4 37. Rxh5 h3 38. c5 Kg4
39. Rh8 Kg3 40. d4 h2 41. d5 Ra1 42. d6 Rd1 43. Kc4 Rd2 44. Kb5 Kf4 45. Kc6 Ke5
46. Kc7 Ke6 47. Rh6+ Kf7 48. c6 1-0

[Event "4NCL/Div3/FCA1 vs. AD2"]
[Site "Telford ENG"]
[Date "2005.01.15"]
[Round "3.4"]
[White "Mangwengwende, John"]
[Black "Freeman, Richard C P"]
[Result "1-0"]
[WhiteElo "2116"]
[BlackElo "2117"]
[PlyCount "73"]
[EventDate "2005.01.15"]
[EventType "team"]
[EventRounds "11"]
[EventCountry "ENG"]
[SourceDate "2004.09.21"]

1. e4 c5 2. Nf3 g6 3. d4 Bg7 4. Nc3 cxd4 5. Nxd4 Nc6 6. Nb3 Nf6 7. Be3 O-O 8.
Be2 d6 9. f3 a6 10. Qd2 Be6 11. g4 Rc8 12. h4 h5 13. Bh6 Ne5 14. gxh5 Nxh5 15.
Bxg7 Kxg7 16. f4 Ng3 17. Rg1 Nxe2 18. Qxe2 Qb6 19. O-O-O Bc4 20. Qg2 Qe3+ 21.
Qd2 Qxd2+ 22. Nxd2 Nd7 23. h5 Rh8 24. hxg6 fxg6 25. e5 Rhf8 26. exd6 exd6 27.
Nxc4 Rxc4 28. Rxd6 Nc5 29. Rgxg6+ Kf7 30. f5 b5 31. Nd5 Rh8 32. Rg1 Rh2 33.
Rf6+ Ke8 34. Rg8+ Kd7 35. Rg7+ Ke8 36. Nc7+ Kd8 37. Rf8# 1-0

[Event "4NCL/Div3/FCA1 vs. AD2"]
[Site "Telford ENG"]
[Date "2005.01.15"]
[Round "3.5"]
[White "Fraser-Mitchell, Jeremy"]
[Black "Pritchard, David"]
[Result "1-0"]
[WhiteElo "2092"]
[BlackElo "1965"]
[PlyCount "43"]
[EventDate "2005.01.15"]
[EventType "team"]
[EventRounds "11"]
[EventCountry "ENG"]
[SourceDate "2004.09.21"]

1. d4 Nf6 2. c4 e6 3. Nc3 Bb4 4. Bg5 h6 5. Bh4 g5 6. Bg3 Ne4 7. Qc2 d5 8. e3
Bxc3+ 9. bxc3 Nd7 10. Bd3 f5 11. Ne2 b6 12. cxd5 exd5 13. f3 Nxg3 14. Nxg3 f4
15. Bg6+ Kf8 16. exf4 Nf6 17. fxg5 hxg5 18. O-O Kg7 19. Rae1 Rh6 20. Bf5 Qd6
21. Bxc8 Rxc8 22. Nf5+ 1-0

[Event "4NCL/Div3/FCA1 vs. AD2"]
[Site "Telford ENG"]
[Date "2005.01.15"]
[Round "3.6"]
[White "Pohribnyj, Chris"]
[Black "Kendall, Paul S N"]
[Result "0-1"]
[WhiteElo "1972"]
[BlackElo "2064"]
[PlyCount "68"]
[EventDate "2005.01.15"]
[EventType "team"]
[EventRounds "11"]
[EventCountry "ENG"]
[SourceDate "2004.09.21"]

1. d4 Nf6 2. c4 e6 3. Nc3 Bb4 4. Nf3 O-O 5. e3 d5 6. Bd3 c5 7. O-O dxc4 8. Bxc4
Nc6 9. a3 Bxc3 10. bxc3 Qc7 11. Qe2 e5 12. d5 Na5 13. e4 Bg4 14. Bg5 Ne8 15.
Qd3 Nxc4 16. Qxc4 Nd6 17. Qd3 f6 18. Bh4 a6 19. a4 b5 20. axb5 axb5 21. Nd2 Bd7
22. Rfc1 Ra7 23. Qc2 Rfa8 24. Qb2 Ra4 25. Rxa4 Rxa4 26. Ra1 Qa7 27. Rxa4 Qxa4
28. f3 Qd1+ 29. Nf1 b4 30. cxb4 Bb5 31. Qf2 cxb4 32. Qe1 Qd3 33. Bf2 Qxf1+ 34.
Qxf1 Bxf1 0-1

[Event "4NCL/Div3/FCA1 vs. AD2"]
[Site "Telford ENG"]
[Date "2005.01.15"]
[Round "3.7"]
[White "Elwin, Adrian G"]
[Black "Wilcox, Steven R"]
[Result "1-0"]
[WhiteElo "2077"]
[BlackElo "1920"]
[PlyCount "53"]
[EventDate "2005.01.15"]
[EventType "team"]
[EventRounds "11"]
[EventCountry "ENG"]
[SourceDate "2004.09.21"]

1. Nf3 Nf6 2. c4 g6 3. Nc3 Bg7 4. d4 d5 5. cxd5 Nxd5 6. e4 Nxc3 7. bxc3 O-O 8.
h3 c5 9. Be3 cxd4 10. cxd4 Nc6 11. Qd2 b6 12. Rc1 Bb7 13. d5 Ne5 14. Nxe5 Bxe5
15. Bh6 Bg7 16. Bxg7 Kxg7 17. Be2 Qd6 18. O-O Rac8 19. Bg4 Rxc1 20. Rxc1 h5 {=}
21. Be2 Rc8 22. Rxc8 Bxc8 23. Qc3+ Qf6 24. e5 Qf5 25. e6+ Qf6 26. Qxc8 Qa1+ 27.
Bf1 1-0

[Event "4NCL/Div3/SCS1 vs. PPA2"]
[Site "Telford ENG"]
[Date "2005.01.15"]
[Round "3.1"]
[White "Dickinson, Timothy R"]
[Black "Gregory, Stephen J"]
[Result "1/2-1/2"]
[WhiteElo "2176"]
[BlackElo "2167"]
[PlyCount "136"]
[EventDate "2005.01.15"]
[EventType "team"]
[EventRounds "11"]
[EventCountry "ENG"]
[SourceDate "2004.09.21"]

1. Nc3 d5 2. e4 d4 3. Nce2 e5 4. f4 exf4 5. Nf3 Nc6 6. c3 dxc3 7. bxc3 g5 8. d4
Bg7 9. d5 Ne5 10. Ned4 g4 11. Bb5+ Kf8 12. Nxe5 Qh4+ 13. Ke2 Bxe5 14. Qf1 Qf6
15. Kd3 Ne7 16. Qf2 c6 17. dxc6 bxc6 18. Bc4 Kg7 19. Ne2 Ng6 20. Rf1 Rd8+ 21.
Kc2 Be6 22. Bb3 Bxb3+ 23. axb3 Qd6 24. Nd4 Kg8 25. Qe2 Bxd4 26. cxd4 Qxd4 27.
Bb2 Qe3 28. Qxe3 fxe3 29. Bc3 Re8 30. Ra4 Re7 31. Kd3 Rb8 32. Rd4 c5 33. Rd5 e2
34. Kxe2 Rxe4+ 35. Kd3 Rf4 36. Ra1 Rf2 37. Rd7 Rxg2 38. Raxa7 Rf2 39. Kc4 Rf5
40. Rab7 Rxb7 41. Rxb7 h5 42. Rb5 Rf2 43. Rxc5 Rxh2 44. Rg5 Kf8 45. b4 Ne7 46.
b5 Nc8 47. Bd4 Ke7 48. b6 f6 49. Rg7+ Ke6 50. b7 Nd6+ 51. Kd3 Rh3+ 52. Be3 Nxb7
53. Rxb7 Kf5 54. Rb5+ Kg6 55. Ke4 Rf3 56. Bf4 h4 57. Rb8 f5+ 58. Ke5 Ra3 59.
Rb6+ Kf7 60. Kxf5 g3 61. Rb7+ Ke8 62. Rg7 Ra2 63. Kg4 g2 64. Kh3 Rf2 65. Be5
Re2 66. Bf6 Re3+ 67. Kxh4 Re6 68. Rxg2 Rxf6 1/2-1/2

[Event "4NCL/Div3/SCS1 vs. PPA2"]
[Site "Telford ENG"]
[Date "2005.01.15"]
[Round "3.2"]
[White "Goodger, Martyn"]
[Black "Reynolds, D Ian"]
[Result "1-0"]
[WhiteElo "2161"]
[BlackElo "2101"]
[PlyCount "133"]
[EventDate "2005.01.15"]
[EventType "team"]
[EventRounds "11"]
[EventCountry "ENG"]
[SourceDate "2004.09.21"]

1. e4 e5 2. Nf3 Nc6 3. d4 exd4 4. Nxd4 Nf6 5. Nxc6 bxc6 6. e5 Qe7 7. Qe2 Nd5 8.
c4 Nb6 9. g3 Qe6 10. Nd2 Ba6 11. b3 d5 12. exd6 cxd6 13. Bb2 d5 14. cxd5 Qxe2+
15. Bxe2 Bxe2 16. Kxe2 Nxd5 17. Rac1 Kd7 18. Nf3 f6 19. Rhd1 Bd6 20. Nd4 Ne7
21. Rc2 Rac8 22. Rcd2 a6 23. Nc2 Nd5 24. Ne3 Rhe8 25. Kf3 Bf8 26. Nxd5 cxd5 27.
Rxd5+ Ke6 28. Ra5 Rc6 29. Re1+ Kf7 30. Rxe8 Kxe8 31. Ba3 Bxa3 32. Rxa3 Re6 33.
Ra5 g6 34. Rd5 Ke7 35. Rd2 Rb6 36. Ke4 Ke6 37. f4 Rb5 38. Kd4 g5 39. Re2+ Kd6
40. fxg5 fxg5 41. Rf2 Ke6 42. Kc4 h5 43. b4 Re5 44. a4 h4 45. gxh4 Re4+ 46. Kc5
Rxh4 47. Rd2 a5 48. bxa5 Rxa4 49. Kb5 Ra1 50. a6 Rb1+ 51. Kc6 Rc1+ 52. Kb7 Rb1+
53. Kc7 Rc1+ 54. Kb8 Rb1+ 55. Kc8 Rc1+ 56. Kb7 Rb1+ 57. Ka8 Ra1 58. a7 Rb1 59.
Rd8 Rb2 60. Rb8 Rxh2 61. Rb5 Rh8+ 62. Kb7 Rh7+ 63. Ka6 Rh8 64. Rb8 Rh1 65. Rb6+
Ke5 66. Rb5+ Kf4 67. a8=Q 1-0

[Event "4NCL/Div3/SCS1 vs. PPA2"]
[Site "Telford ENG"]
[Date "2005.01.15"]
[Round "3.3"]
[White "Moyse, Nigel"]
[Black "Chavan, Anant"]
[Result "1-0"]
[WhiteElo "2054"]
[BlackElo "2131"]
[PlyCount "163"]
[EventDate "2005.01.15"]
[EventType "team"]
[EventRounds "11"]
[EventCountry "ENG"]
[SourceDate "2004.09.21"]

1. d4 Nf6 2. c4 d5 3. cxd5 Qxd5 4. Nc3 Qa5 5. Nf3 c6 6. Bd2 Qc7 7. Rc1 Bf5 8.
Qb3 Nbd7 9. e3 e6 10. Be2 Ne4 11. Nxe4 Bxe4 12. O-O Bd6 13. Bb4 O-O 14. Bxd6
Qxd6 15. Ng5 Bd5 16. Qc2 f5 17. a3 e5 18. dxe5 Nxe5 19. Nh3 Ng6 20. Rfd1 Rad8
21. Bf3 Qe5 22. Bxd5+ Rxd5 23. Rxd5 Qxd5 24. Rd1 Qe6 25. Ng5 Qf6 26. Qb3+ Kh8
27. Ne6 Re8 28. Nd4 Rd8 29. Rc1 Rd7 30. Nf3 h6 31. h3 b6 32. Qc2 c5 33. b4 cxb4
34. axb4 Kh7 35. b5 f4 36. exf4 Qxf4 37. Re1 Rc7 38. Qb1 Rc5 39. Qd3 Qc4 40.
Qxc4 Rxc4 41. Rb1 Kg8 42. g3 Kf7 43. Kf1 Ke6 44. Ke2 Ra4 45. Ke3 Ne7 46. Nd4+
Ke5 47. f4+ Kd5 48. Nc2 Kc4 49. Kf3 Nd5 50. Rd1 Ra5 51. f5 Kc5 52. Nd4 Ra3+ 53.
Kf2 Nc3 54. Ne6+ Kxb5 55. Rd4 a5 56. Nxg7 Ra2+ 57. Kf3 Ne2 58. Rd3 Kc4 59. Re3
Nd4+ 60. Ke4 Rf2 61. g4 a4 62. Ke5 b5 63. Ne6 Nf3+ 64. Kd6 b4 65. Re4+ Kc3 66.
Kc5 b3 67. Rxa4 Ne5 68. Kd5 b2 69. Ra3+ Kd2 70. Rb3 Nd3 71. Nc5 Kc2 {=} 72.
Nxd3 Kxb3 73. Nxb2 Rf3 74. Nc4 Rxh3 75. Ne5 Kc3 76. f6 Rh1 77. f7 Rf1 78. Ke6
Kd4 79. Nd7 Ke4 80. Nf6+ Kf4 81. f8=Q Rh1 82. Qd6+ 1-0

[Event "4NCL/Div3/SCS1 vs. PPA2"]
[Site "Telford ENG"]
[Date "2005.01.15"]
[Round "3.4"]
[White "Retallick, Lloyd"]
[Black "Heard, Andrew H"]
[Result "1-0"]
[WhiteElo "2115"]
[BlackElo "1980"]
[PlyCount "69"]
[EventDate "2005.01.15"]
[EventType "team"]
[EventRounds "11"]
[EventCountry "ENG"]
[SourceDate "2004.09.21"]

1. d4 d5 2. c4 e6 3. Nc3 Nf6 4. cxd5 exd5 5. Bg5 Nbd7 6. e3 c6 7. Bd3 Qa5 8.
Qc2 Bb4 9. Nge2 O-O 10. O-O Re8 11. a3 Bxc3 12. Nxc3 a6 13. b4 Qd8 14. Bxh7+
Kh8 15. Bd3 Nf8 16. a4 Bg4 17. b5 Qd6 18. bxa6 bxa6 19. Rab1 N8d7 20. h3 Be6
21. Bf4 Qe7 22. Rb7 Nh5 23. Qe2 Nxf4 24. exf4 g6 25. f5 Bxf5 26. Bxf5 gxf5 27.
Qh5+ Kg7 28. Qxf5 Red8 29. Rd1 Rab8 30. Rxb8 Rxb8 31. Rd3 Nf8 32. Re3 Qd6 33.
h4 c5 34. dxc5 Qxc5 35. Rg3+ 1-0

[Event "4NCL/Div3/SCS1 vs. PPA2"]
[Site "Telford ENG"]
[Date "2005.01.15"]
[Round "3.5"]
[White "Kilpatrick, Callum"]
[Black "Winfridsson, Ola"]
[Result "1-0"]
[WhiteElo "1955"]
[BlackElo "2080"]
[PlyCount "101"]
[EventDate "2005.01.15"]
[EventType "team"]
[EventRounds "11"]
[EventCountry "ENG"]
[SourceDate "2004.09.21"]

1. e4 c6 2. d4 d5 3. exd5 cxd5 4. c4 Nf6 5. Nc3 Nc6 6. Bg5 Be6 7. Nge2 h6 8.
Bxf6 exf6 9. Nf4 Bb4 10. Nxe6 fxe6 11. Qh5+ Kf8 12. cxd5 Bxc3+ 13. bxc3 Qa5 14.
Qf3 exd5 15. Qd3 a6 16. Be2 h5 17. O-O Rc8 18. Rfe1 Ne7 19. Bxh5 Qc7 20. Qf3
Qd6 21. g3 g6 22. Bg4 f5 23. h4 Kg7 24. Bh3 Ng8 25. Qe3 Rc7 26. Rac1 Nf6 27.
Bg2 Re8 28. Qd2 Rxe1+ 29. Rxe1 Ne4 30. Bxe4 fxe4 31. Kg2 Qf6 32. Re3 Rf7 33.
Qe2 b5 34. f3 b4 35. fxe4 dxe4 36. cxb4 Qxd4 37. Rxe4 Rf2+ 38. Qxf2 Qxe4+ 39.
Kh3 Qh1+ 40. Kg4 Qe4+ 41. Kh3 Qh1+ 42. Qh2 Qe4 43. Qb2+ Kh7 44. Kh2 Qc6 45. Qb3
Qe4 46. Qf7+ Kh8 47. Qf6+ Kh7 48. Qxa6 Qc2+ 49. Kg1 Qc3 50. Qa7+ Kh6 51. Qf2
1-0

[Event "4NCL/Div3/SCS1 vs. PPA2"]
[Site "Telford ENG"]
[Date "2005.01.15"]
[Round "3.6"]
[White "Bailey, Kevin"]
[Black "Sen, Subin"]
[Result "1/2-1/2"]
[WhiteElo "2135"]
[BlackElo "1935"]
[PlyCount "129"]
[EventDate "2005.01.15"]
[EventType "team"]
[EventRounds "11"]
[EventCountry "ENG"]
[SourceDate "2004.09.21"]

1. d4 Nf6 2. Nf3 g6 3. c4 Bg7 4. Nc3 d5 5. Bg5 Ne4 6. cxd5 Nxg5 7. Nxg5 e6 8.
Nf3 exd5 9. b4 O-O 10. e3 a5 11. b5 c5 12. bxc6 bxc6 13. Na4 Ba6 14. Bxa6 Nxa6
15. Rc1 Qd6 16. Nc5 Rfb8 17. O-O Nxc5 18. Rxc5 Rb5 19. Rc2 Rab8 20. Qd2 R8b6
21. Rfc1 a4 22. Ne1 Bf8 23. Nd3 Qe6 24. h3 Ba3 25. Rd1 Bb4 26. Qc1 f6 27. Nxb4
Rxb4 28. Qd2 Qd6 29. Qc3 Kf7 30. Qd3 Rb1 31. Rcc1 R1b4 32. Rd2 f5 33. g3 Ke6
34. Kg2 Kd7 35. Rdc2 Qe6 36. f3 Qd6 37. Rc5 Qb8 38. R5c2 Qd6 39. h4 Rb2 40. Qc3
Rxc2+ 41. Rxc2 Qb4 42. Qxb4 Rxb4 43. Kf2 Kc7 44. g4 fxg4 45. fxg4 Kd6 46. Kf3
Rb1 47. Rc3 h6 48. Ra3 Rb4 49. Rc3 g5 50. hxg5 hxg5 51. Rc2 Rb8 52. Rc3 Rf8+
53. Ke2 Rb8 54. Kf3 Rb4 55. Rc2 Rb5 56. e4 dxe4+ 57. Kxe4 c5 58. Rxc5 Rxc5 59.
dxc5+ Kxc5 60. Kf5 Kb4 61. Kxg5 Ka3 62. Kf4 Kxa2 63. g5 a3 64. g6 Kb1 65. g7
1/2-1/2

[Event "4NCL/Div3/SCS1 vs. PPA2"]
[Site "Telford ENG"]
[Date "2005.01.15"]
[Round "3.7"]
[White "Lutton, J Arnold"]
[Black "McMahon, Paul"]
[Result "0-1"]
[WhiteElo "1950"]
[BlackElo "2031"]
[PlyCount "71"]
[EventDate "2005.01.15"]
[EventType "team"]
[EventRounds "11"]
[EventCountry "ENG"]
[SourceDate "2004.09.21"]

1. e4 e5 2. Nf3 Nc6 3. Bb5 a6 4. Ba4 Nf6 5. O-O b5 6. Bb3 Be7 7. c3 O-O 8. Qe2
d6 9. d3 Na5 10. Bc2 c5 11. a4 Be6 12. Be3 Nb3 13. Ra3 bxa4 14. Rxa4 Qc7 15.
Bxb3 Bxb3 16. Ra3 c4 17. Nbd2 d5 18. Raa1 cxd3 19. Qe1 dxe4 20. Nxb3 exf3 21.
gxf3 Rfb8 22. Nc1 Rd8 23. Bd2 Bc5 24. Kg2 Qe7 25. Ra4 Rd6 26. Rg1 Re8 27. Kh1
Qb7 28. Rg3 e4 29. Qg1 g6 30. Rc4 Qxb2 31. Rxc5 Qxd2 32. Rf5 Qxc3 33. fxe4 Nxe4
34. Re3 Qc2 35. Nxd3 Rxd3 36. Rxd3 {time} 0-1

[Event "4NCL/Div3/SCS1 vs. PPA2"]
[Site "Telford ENG"]
[Date "2005.01.15"]
[Round "3.8"]
[White "Sirisena, Chantal"]
[Black "Lowry-O'Reilly, Hannah"]
[Result "1/2-1/2"]
[WhiteElo "1923"]
[BlackElo "1765"]
[PlyCount "82"]
[EventDate "2005.01.15"]
[EventType "team"]
[EventRounds "11"]
[EventCountry "ENG"]
[SourceDate "2004.09.21"]

1. e4 c5 2. Nc3 d6 3. g3 Nc6 4. Bg2 g6 5. d3 Bg7 6. Be3 Nf6 7. h3 Bd7 8. Qd2
O-O 9. f4 Rc8 10. Nf3 Ne8 11. O-O Nc7 12. d4 cxd4 13. Nxd4 a6 14. Rae1 Ne6 15.
Nf3 Nc7 16. Bb6 Qe8 17. Rd1 Na8 18. Bf2 Rd8 19. Nd5 Be6 20. Nd4 Nxd4 21. Bxd4
Bxd4+ 22. Qxd4 Bxd5 23. Qxd5 Qc6 24. Qxc6 bxc6 25. Rf3 Rb8 26. b3 Rfd8 27. c4
Nc7 28. Rfd3 Ne6 29. R3d2 c5 30. e5 Nd4 31. exd6 exd6 32. Re1 Re8 33. Rdd1 Rbd8
34. Kf2 Kg7 35. Bd5 Kf6 36. g4 Kg7 37. Be4 Kf6 38. Bd3 Kg7 39. Re3 Rxe3 40.
Kxe3 Re8+ 41. Kd2 Kf6 1/2-1/2

[Event "4NCL/Div3/ATH vs. 3CS2"]
[Site "Telford ENG"]
[Date "2005.01.15"]
[Round "3.1"]
[White "Roberts, Paul"]
[Black "Adams, Phil"]
[Result "1/2-1/2"]
[WhiteElo "2179"]
[BlackElo "2120"]
[PlyCount "28"]
[EventDate "2005.01.15"]
[EventType "team"]
[EventRounds "11"]
[EventCountry "ENG"]
[SourceDate "2004.09.21"]

1. c4 Nf6 2. g3 e5 3. Bg2 c6 4. d4 exd4 5. Qxd4 Na6 6. Bg5 Be7 7. Nc3 O-O 8.
Nf3 h6 9. Bf4 d5 10. cxd5 Nb4 11. Rc1 Nfxd5 12. Nxd5 Nxd5 13. O-O Nxf4 14. Qxf4
Be6 1/2-1/2

[Event "4NCL/Div3/ATH vs. 3CS2"]
[Site "Telford ENG"]
[Date "2005.01.15"]
[Round "3.2"]
[White "Tompson, John C"]
[Black "Pedersen, Carsten"]
[Result "1-0"]
[WhiteElo "2081"]
[BlackElo "2146"]
[PlyCount "63"]
[EventDate "2005.01.15"]
[EventType "team"]
[EventRounds "11"]
[EventCountry "ENG"]
[SourceDate "2004.09.21"]

1. e4 e6 2. d4 d5 3. Nc3 Bb4 4. e5 c5 5. Bd2 cxd4 6. Nb5 Be7 7. Qg4 Kf8 8. Nf3
Nc6 9. Bd3 h5 10. Qf4 Nh6 11. Nbxd4 Qb6 12. c3 Nxd4 13. Nxd4 Kg8 14. O-O-O Bd7
15. h3 g6 16. g4 h4 17. Qe3 Rc8 18. f4 Bc5 19. Kb1 Ba4 20. Rdf1 Bxd4 21. cxd4
Bb5 22. Rc1 Bxd3+ 23. Qxd3 Kg7 24. f5 Rxc1+ 25. Rxc1 exf5 26. Bg5 Ng8 27. gxf5
gxf5 28. Rg1 Kf8 29. Qa3+ Ke8 30. Rc1 Qe6 31. Qxa7 f6 32. Qxb7 1-0

[Event "4NCL/Div3/ATH vs. 3CS2"]
[Site "Telford ENG"]
[Date "2005.01.15"]
[Round "3.3"]
[White "Johansson, Toni"]
[Black "English, Ray"]
[Result "1-0"]
[WhiteElo "2143"]
[BlackElo "2070"]
[PlyCount "63"]
[EventDate "2005.01.15"]
[EventType "team"]
[EventRounds "11"]
[EventCountry "ENG"]
[SourceDate "2004.09.21"]

1. c4 Nf6 2. g3 g6 3. Bg2 Bg7 4. Nc3 O-O 5. e4 e5 6. Nge2 Nc6 7. d3 d6 8. O-O
Ne7 9. f4 Ne8 10. d4 exd4 11. Nxd4 f5 12. Be3 c6 13. Qb3 Kh8 14. Rad1 Nf6 15.
e5 Ng4 16. Nc2 d5 17. cxd5 cxd5 18. Bc5 b6 19. Bd6 Ba6 20. Rfe1 Bc4 21. Qa3 Nc8
22. Bxd5 Bxd5 23. Bxf8 Bxf8 24. Rxd5 Qe8 25. Qb3 Ne7 26. Rd6 Nc6 27. Re6 Bc5+
28. Kg2 Qd7 29. Qd5 Rd8 30. Qxd7 Rxd7 31. Rxc6 Rd2+ 32. Re2 1-0

[Event "4NCL/Div3/ATH vs. 3CS2"]
[Site "Telford ENG"]
[Date "2005.01.15"]
[Round "3.4"]
[White "Hickman, Alexander"]
[Black "McKeown, Paul"]
[Result "0-1"]
[WhiteElo "2099"]
[BlackElo "2095"]
[PlyCount "76"]
[EventDate "2005.01.15"]
[EventType "team"]
[EventRounds "11"]
[EventCountry "ENG"]
[SourceDate "2004.09.21"]

1. d4 d5 2. c4 c6 3. Nf3 Nf6 4. e3 a6 5. Qc2 e6 6. Nbd2 Nbd7 7. b3 Bd6 8. Bb2
O-O 9. Bd3 dxc4 10. Nxc4 Bb4+ 11. Kf1 h6 12. Rg1 Nd5 13. g4 Be7 14. a3 c5 15.
g5 hxg5 16. dxc5 f5 17. b4 g4 18. Nd4 N7f6 19. Ne5 Qe8 20. Ne2 a5 21. Ke1 axb4
22. a4 b3 23. Qc4 b6 24. c6 Ba6 25. Qxb3 Bxd3 26. Qxd3 Ne4 27. Nf4 Bb4+ 28. Ke2
Nxf4+ 29. exf4 Qh5 30. Nxg4 Rad8 31. Qb3 Rd2+ 32. Kf3 Rxf2+ 33. Ke3 Bc5+ 34.
Bd4 Bxd4+ 35. Kxd4 Rd8+ 36. Ke3 fxg4 37. Kxe4 Qf5+ 38. Ke3 Qxf4# 0-1

[Event "4NCL/Div3/ATH vs. 3CS2"]
[Site "Telford ENG"]
[Date "2005.01.15"]
[Round "3.5"]
[White "Dalmau, Anneli"]
[Black "Wright, Jason"]
[Result "1-0"]
[WhiteElo "2087"]
[BlackElo "2062"]
[PlyCount "109"]
[EventDate "2005.01.15"]
[EventType "team"]
[EventRounds "11"]
[EventCountry "ENG"]
[SourceDate "2004.09.21"]

1. e4 c5 2. Nf3 d6 3. d4 cxd4 4. Nxd4 Nf6 5. Nc3 g6 6. Be2 Bg7 7. O-O O-O 8.
Be3 Nc6 9. Nb3 b6 10. f4 Bb7 11. Bf3 Nd7 12. Qe1 Nc5 13. Rd1 Nb4 14. Rf2 Qc8
15. Bd4 Bxd4 16. Nxd4 Nc6 17. Nd5 Re8 18. c3 Nxd4 19. cxd4 Bxd5 20. exd5 Nd7
21. Rc1 Qa6 22. f5 Qxa2 23. fxg6 hxg6 24. Rc7 Rad8 25. h4 Qa5 26. b4 Qa4 27.
Bd1 Qa1 28. Qd2 Nf6 29. Rf1 Rc8 30. Rc6 Qa3 31. h5 Nxd5 32. Rxc8 Rxc8 33. hxg6
fxg6 34. Bg4 Qe3+ 35. Qxe3 Nxe3 36. Bxc8 Nxf1 37. Kxf1 Kf7 38. Ke2 Ke8 39. Kd3
Kd8 40. Ba6 Kc7 41. Ke4 e6 42. d5 e5 43. Kf3 Kd7 44. Bd3 a5 45. bxa5 bxa5 46.
Bxg6 a4 47. Ke3 Ke7 48. Kd2 Kf6 49. Bc2 a3 50. Kc3 Kg5 51. Kb3 Kf4 52. Kxa3 Kg3
53. Kb4 Kxg2 54. Kb5 Kf3 55. Kc6 1-0